00606nam a22001697a 450000500170000001000150001702000260003203500140005803700130007208200180008510000240010324501160012726000370024327001060028030000260038650000240041220190214123526.0 aENG-124795 a9789383635993c195.00 aEN-108327 bDBAD/PUB a354.367095485 aReddy S. Jeevananda aIrrigation and irrigation projects in India:btribunals, disputes and water perspective/cby S.Jeevananda Reddy aHyderabadbBS Publicationsc2016 a4-4-309/316, Giriraj Lane, Sultan BazarbHyderabade500095k040-23445605, 23445688minfo@bspbooks.net axiii,132p.c24cm(pbk) aincludes references